SciencePlus : (Record no. 49169)
[ view plain ]
| 000 -LEADER | |
|---|---|
| fixed length control field | 01236cam a2200325 a 4500 |
| 001 - CONTROL NUMBER | |
| control field | 4935026 |
| 003 - CONTROL NUMBER IDENTIFIER | |
| control field | OSt |
| 005 - DATE AND TIME OF LATEST TRANSACTION | |
| control field | 20170308115005.0 |
| 008 - FIXED-LENGTH DATA ELEMENTS--GENERAL INFORMATION | |
| fixed length control field | 950720s1993 txua 001 0 eng |
| 010 ## - LIBRARY OF CONGRESS CONTROL NUMBER | |
| LC control number | 95180362 |
| 020 ## - INTERNATIONAL STANDARD BOOK NUMBER | |
| International Standard Book Number | 0030749638 |
| 040 ## - CATALOGING SOURCE | |
| Original cataloging agency | DLC |
| Transcribing agency | DLC |
| 050 00 - LIBRARY OF CONGRESS CALL NUMBER | |
| Classification number | Q182.3 |
| Item number | .M39 1993 |
| 082 00 - DEWEY DECIMAL CLASSIFICATION NUMBER | |
| Classification number | 507.8 |
| Edition number | 20 |
| 100 1# - MAIN ENTRY--PERSONAL NAME | |
| Personal name | McFadden, Charles P. |
| 245 10 - TITLE STATEMENT | |
| Title | SciencePlus : |
| Remainder of title | technology and society / |
| Statement of responsibility, etc | project directors, Charles McFadden, Robert E. Yager. |
| 246 30 - VARYING FORM OF TITLE | |
| Title proper/short title | Technology and society |
| 260 ## - PUBLICATION, DISTRIBUTION, ETC. (IMPRINT) | |
| Place of publication, distribution, etc | Austin : |
| Name of publisher, distributor, etc | Holt, Rinehart and Winston, |
| Date of publication, distribution, etc | 1993. |
| 300 ## - PHYSICAL DESCRIPTION | |
| Extent | xiii, 501, S158 p. : |
| Other physical details | col. ill. ; |
| Dimensions | 28 cm. |
| 500 ## - GENERAL NOTE | |
| General note | "This new United States edition has been adapted from prior work by the Atlantic Science Curriculum Project ..." |
| 500 ## - GENERAL NOTE | |
| General note | "Level blue ..."--Cover, p. 4. |
| 500 ## - GENERAL NOTE | |
| General note | Includes teacher's source book (p. S1-S158). |
| 500 ## - GENERAL NOTE | |
| General note | Includes index. |
| 650 #0 - SUBJECT ADDED ENTRY--TOPICAL TERM | |
| Topical term or geographic name as entry element | Science |
| General subdivision | Experiments. |
| 650 #0 - SUBJECT ADDED ENTRY--TOPICAL TERM | |
| Topical term or geographic name as entry element | Science |
| General subdivision | Study and teaching |
| -- | Activity programs. |
| 700 1# - ADDED ENTRY--PERSONAL NAME | |
| Personal name | Yager, Robert Eugene, |
| Dates associated with a name | 1930- |
| 906 ## - LOCAL DATA ELEMENT F, LDF (RLIN) | |
| a | 7 |
| b | cbc |
| c | orignew |
| d | 3 |
| e | ncip |
| f | 19 |
| g | y-gencatlg |
| 942 ## - ADDED ENTRY ELEMENTS (KOHA) | |
| Source of classification or shelving scheme | Library of Congress Classification |
| Koha item type | Book |
| Withdrawn status | Lost status | Source of classification or shelving scheme | Damaged status | Not for loan | Collection code | Home library | Current library | Shelving location | Date acquired | Source of acquisition | Cost, normal purchase price | Total Checkouts | Full call number | Barcode | Price effective from | Koha item type |
|---|---|---|---|---|---|---|---|---|---|---|---|---|---|---|---|---|
| Library of Congress Classification | Non-fiction | Nakuru Campus | Nakuru Campus | General Circulation | 08/03/2017 | Donation-BFA | 500.00 | Q182.3 .M39 1993 | 051432 | 08/03/2017 | Book |